000
00324pab a2200133 454500
008
180718b xxu||||| |||| 00| 0 eng d
100
_a
Chakravarthy, Nikhil
245
_a
Kashmir: What next/
650
_a
Politics
650
_a
Jammu & Kashmir
650
_a
Jammu & Kashmir - Politics
773
_a
Mainstream
909
_a
2063
999
_c
2063
_d
2063